000 00601nam a2200181 i 4500
001 58824
003 ES-MaACL
005 20241210140214.0
007 t|
008 031024s1968 sp ||||1| spa d
100 1 _aEgea Rodríguez, Juan.
_946712
245 1 4 _aLas ciudades, los pueblos, los caminos sorprendentes /
_cJuan Egea Rodríguez ; prólogo de José María Peman.
260 _a[Cádiz :
_bs.n.,
_c1968] (
_fImp. Escelicer)
300 _a170 p. ;
_c21 cm.
700 1 _aPemán, José María,
_d1897-1981
_990130
852 _aES-MaACL
_jC-49916
_bR.65949
999 _c58824
_d58824